000 00646nam a2200205Ia 4500
003 GCL
008 140319s9999 xx 000 0 ara d
040 _aGCL /
_cGCL
082 0 4 _a591.65
_bل ح
100 1 _aلاياج، جوفرى
245 1 0 _aالحيوانات المتطفلة فى الانسان /
_cلاياج، جوفرى
700 1 _aمحمد السعيد الجندى
700 1 _aالبرت عطالله عبدالملك (مترجم)
300 _a279 ص
490 _aالالف كتاب
_v0
650 0 4 _aالاحياء
650 0 4 _aعلم الحيوان
650 0 4 _aالحيوانات الضارة
942 _2ddc
_cBK
999 _c45393
_d45393